Places in the style of Austria-Hungary - Statistics

General Stats
  • This quiz has been taken 50 times
  • The average score is 10 of 14
Answer Stats
Picture Answer % Correct
Austria-Germany
100%
Australia-Hungary
89%
Korea
89%
United Kingdom
85%
Benelux
78%
Chile-Argentina
76%
Baltics
74%
USMCA
74%
Czechoslovakia
72%
Iberian Union
70%
Sweden-Norway
65%
Alaska-Hawaii
54%
Maryland
33%
Zealand
22%
No matching quizzes found
Score Distribution
Percent of People with Each Score
Percentile by Number Answered
Your Score History
You have not taken this quiz